U.S. States with 7 letters - Statistics

General Stats
  • This quiz has been taken 43 times
  • The average score is 7 of 9
Answer Stats
Answer % Correct
Alabama
83%
Florida
83%
Georgia
81%
Montana
78%
Arizona
72%
Indiana
69%
Vermont
64%
Wyoming
61%
New York
58%
No matching quizzes found
Score Distribution
Percent of People with Each Score
Percentile by Number Answered
Your Score History
You have not taken this quiz